| 000 | 00555nam a22001817a 4500 | ||
|---|---|---|---|
| 010 | _aENG-120654 | ||
| 020 |
_c450.00 _a9789381113936 |
||
| 035 | _aEN-104186 | ||
| 037 | _bDBAD/PUB | ||
| 082 | _a345.5402323 | ||
| 100 | _aNarayana, P.S. | ||
| 245 |
_aThe Prevention of corrupition act 1988 / _cby P.S.Narayana |
||
| 260 |
_aHyderabad _bAsia Law House _c2012 |
||
| 270 |
_aOpp.I.O.B. Bank Street, Kothi, _bHyderabad _e500001 |
||
| 300 |
_axxxii,440p. _b24cm(pbk). |
||
| 500 | _aIncludes index | ||
| 942 |
_2ddc _cEN _h345.5402323 _mNAR |
||
| 999 |
_c144460 _d144460 |
||